000 00503nam a22001577a 4500
020 _a9780071289481
050 _aHD58.7
_b.N49 2011
100 _aNewstrom, John W.
245 _aOrganizational behavior,
_bhuman behavior at work.
_cJohn W. Newstrom
250 _a13th ed.
260 _aBoston:
_bMcGraw-Hill,
_c2011.
300 _axxii, 554p.:
500 _aincludes table of contents, glossary, appendix, references and index.
650 _v1. Human behavior 2. Leadership-Empowerment.
942 _cGEN
999 _c3223
_d3223